| 000 | 003630000a22001570004500 | ||
|---|---|---|---|
| 005 | 20120302052550.0 | ||
| 942 | _cBOOK | ||
| 100 | _a Cringle, Tom | ||
| 245 | _a Jottings of an invalid in search of health | ||
| 260 |
_aMumbai: _bTimes of India, _c1865 |
||
| 300 | _aviii,273p | ||
| 040 | _aENG | ||
| 365 | _bRs. | ||
| 650 | _aHealth | ||
| 650 | _aSearch-Health | ||
| 999 |
_c340473 _d340470 |
||